000 00578cam a2200181 a 4500
001 000001915
005 20200929145745.0
008 920618s1946 fr 001 0 fre d
040 _aDO-SdBNP
_bspa
_cBNPHU
082 _a940.3
_bC625g
100 1 _aClemenceau, Georges,
_d1841-1929.
_96231
245 1 0 _aGrandeurs et misères d'une victoire /
_cGeorges Clemenceau.
260 _aParís :
_bPlon,
_c1946.
300 _a374 p. ;
_c21 cm.
650 4 _aGuerra mundial i, 1914-1918.
_96232
630 0 4 _aTRATADO DE VERSALLE
_d(1919)
_96233
600 1 4 _aFOCH, FERDINAND,
_d1851-1929.
_96234
999 _c1784
_d1784